Sports Quiz

Random Sports or Hockey Quiz

Boston Bruins Captains (Slideshow) Quiz Stats

Quiz not verified by Sporcle

Challenge
Share
Tweet
Score 0/19 Timer 08:00
0 Plays Today
% Correct
Zdeno Chara
94%
Ray Bourque
91.9%
Joe Thornton
85.2%
Johnny Bucyk
75.2%
Terry O'Reilly
57.7%
Rick Middleton
55.7%
Wayne Cashman
55%
Jason Allison
52.3%
Milt Schmidt
34.2%
Dit Clapper
22.1%
% Correct
Lionel Hitchman
17.4%
Cooney Weiland
14.1%
Fernie Flaman
12.1%
Leo Boivin
11.4%
Don McKenney
9.4%
George Owen
7.4%
Jack Crawford
7.4%
Sprague Cleghorn
6.7%
Ed Sandford
5.4%

You're not logged in!

Compare scores with friends on all Sporcle quizzes.
Sign Up with Email
OR
Log In

You Might Also Like...

Show Comments

Extras

Top Quizzes Today


Score Distribution

Your Account Isn't Verified!

In order to create a playlist on Sporcle, you need to verify the email address you used during registration. Go to your Sporcle Settings to finish the process.